Sistemática del idioma: gramática escolar. Castellano para 8o. año básico texto complementario

Збережено в:
Бібліографічні деталі
Автори: Samaniego, José Luis (Автор), Sentis, Franklin (Автор)
Формат: Книга
Мова:Іспанська
Опубліковано: Santiago Zig-Zag 1977
Предмети:
Теги: Додати тег
Немає тегів, Будьте першим, хто поставить тег для цього запису!

MARC

LEADER 00000nam a2200000 a 4500
001 UCX7822
003 CL-VaPUC
008 940105e19770000CL |||||||||||||||||spa|d
082 0 4 |a 372.61  |b SAM  |2 21 
100 0 |a Samaniego, José Luis  |e author  |9 324733 
700 0 |a Sentis, Franklin  |e author  |9 324734 
245 1 0 |a Sistemática del idioma: gramática escolar. Castellano para 8o. año básico texto complementario 
300 |a 166 p 
942 |c BK 
945 |d 19940105 00:00:00  |a rbrito 
260 |a Santiago  |b Zig-Zag  |c 1977 
650 0 |a Español gramática  |9 264564 
583 |a last modification  |c 19940105 00:00:00  |k Rodrigo Vera 
999 |c 227516  |d 227514 
952 |0 0  |1 0  |4 0  |6 372_610000000000000_SAM_1977  |7 0  |8 A  |9 226611  |a BIBEDU  |b BIBEDU  |d 2019-11-15  |i 2957140  |o 372.61 SAM 1977  |p 2957140  |r 2019-11-15  |w 2019-11-15  |y BK  |k LIT